| 000 | 00637nam a22002297a 4500 | ||
|---|---|---|---|
| 003 | UA-OsUOA | ||
| 001 | 43270 | ||
| 007 | ta | ||
| 008 | 20090601b un ||||| |||| 00| 0 ukr d | ||
| 100 | _aІларіон | ||
| 090 |
_a281.9 _bИ99 |
||
| 942 | _cBR | ||
| 040 |
_aUA-OsUOA _bukr _cUA-OsUOA _dUA-OsUOA |
||
| 245 | _aКнязь Володимир прийняв православіє, а не католицтво | ||
| 300 | _a33 с. | ||
| 955 | _a4 | ||
| 041 | _aukr | ||
| 080 | _a281.9 | ||
| 260 |
_aВінніпег _c1951 |
||
| 650 | 7 |
_a281.9 Східна православна церква і скопці _2UDC |
|
| 999 |
_c441744 _d441744 |
||